[Event "AUTO-ADV-2641"]
[Site "http://www.queenalice.com/game.php?id=1179092"]
[Date "2013.5.6"]
[Round "3"]
[White "Shydo"]
[Black "gingalmesh"]
[Result "0-1"]
[WhiteElo "1727"]
[BlackElo "1915"]

1. e4 e5 2. Nf3 d6 3. h3 Nf6 4. d3 c6 5. Nc3 Be6 6. Bg5 Be7 7. Be2 h6 8. Bxf6
Bxf6 9. O-O Nd7 10. d4 exd4 11. Nxd4 O-O 12. f4 Qb6 13. Rb1 Bxd4+ 14. Kh1 Bxc3
15. Qxd6 Bb4 16. Qd1 Rad8 17. c3 Nf6 18. Qc2 Bd6 19. e5 Bxa2 20. exf6 Bxb1 21.
Qxb1 g6 22. h4 Qe3 23. Qe1 Bxf4 24. Rf3 Qd2 25. Qf1 Qc1 26. Rxf4 Qxf1+ 27. Rxf1
Rd2 28. Rf2 Rxb2 29. Kh2 Re8 0-1

[Event "AUTO-ADV-2641"]
[Site "http://www.queenalice.com/game.php?id=1179093"]
[Date "2013.5.6"]
[Round "3"]
[White "gingalmesh"]
[Black "Shydo"]
[Result "1-0"]
[WhiteElo "1933"]
[BlackElo "1736"]

1. e4 c5 2. Nf3 d6 3. Be2 Nf6 4. Nc3 g6 5. e5 dxe5 6. O-O Bg7 7. Nxe5 O-O 8. d3
Nc6 9. Nxc6 bxc6 10. Ne4 Nxe4 11. dxe4 Qxd1 12. Rxd1 Be6 13. f4 Rad8 14. Rxd8
Rxd8 15. c3 a5 16. a4 c4 17. Be3 f5 18. exf5 Bxf5 19. Bxc4+ e6 20. h3 Kf7 21. g4
Be4 22. Kf2 Bd5 23. Rd1 Ke8 24. Bxd5 Rxd5 25. Rxd5 exd5 26. Bb6 Kd7 27. Bxa5 Kc8
28. Bb6 Kb7 29. a5 h6 30. h4 Ka6 31. Ke3 Bf6 32. g5 hxg5 33. hxg5 Bg7 34. Kd3
Kb5 35. b4 Bh8 36. Bd4 Bxd4 37. Kxd4 Ka4 38. a6 1-0

[Event "AUTO-ADV-2641"]
[Site "http://www.queenalice.com/game.php?id=1179094"]
[Date "2013.5.6"]
[Round "3"]
[White "Shydo"]
[Black "elcurazul"]
[Result "1-0"]
[WhiteElo "1823"]
[BlackElo "2309"]

1. e4 e5 2. Nf3 Nc6 3. Bb5 Nge7 4. O-O a6 5. Ba4 Ng6 6. c3 Be7 7. Re1 d6 8. h3
O-O 9. d4 b5 10. Bc2 Re8 11. d5 Na5 12. b3 c6 13. Nbd2 cxd5 14. exd5 Bd7 15. b4
Nc4 16. Nxc4 bxc4 17. a4 f5 18. Qe2 Bf6 19. Bd2 Rc8 20. a5 e4 21. Nh2 Ne7 22. f3
Nxd5 23. fxe4 Nxc3 24. Bxc3 1-0

[Event "AUTO-ADV-2641"]
[Site "http://www.queenalice.com/game.php?id=1179095"]
[Date "2013.5.6"]
[Round "3"]
[White "elcurazul"]
[Black "Shydo"]
[Result "0-1"]
[WhiteElo "2286"]
[BlackElo "1853"]

1. e4 c5 2. Nf3 d6 3. Bb5+ Bd7 4. Bc4 e6 5. d4 cxd4 6. Nxd4 Nf6 7. Nc3 Be7 8.
O-O O-O 9. Be3 Nc6 10. Be2 Nxd4 11. Qxd4 b6 12. f3 e5 13. Qd3 Rc8 14. Rfd1 Bc6
15. a4 a5 16. Nb5 Bxb5 17. Qxb5 Nd7 18. Bc4 Rb8 19. g3 Nc5 20. c3 Kh8 21. Rab1
f5 22. b4 axb4 23. cxb4 Nd7 0-1

[Event "TORNEIO-IX-E-1-2-R7-J2"]
[Site "http://www.queenalice.com/game.php?id=1181370"]
[Date "2013.5.14"]
[Round "-"]
[White "Shydo"]
[Black "Pharaoh"]
[Result "1-0"]
[WhiteElo "1719"]
[BlackElo "1743"]

1. e4 e5 2. Nf3 d6 3. h3 Nf6 4. Nc3 Nc6 5. Bb5 Bd7 6. O-O a6 7. Bxc6 Bxc6 8. d4
exd4 9. Nxd4 Bd7 10. Bg5 Be7 11. f4 h6 12. Bxf6 Bxf6 13. e5 dxe5 14. fxe5 Bxe5
15. Qe2 f6 16. Qh5+ Kf8 17. Rad1 c5 18. Ne6+ Ke7 19. Nxc5 Bd6 20. Rfe1+ Kf8 21.
Rxd6 Qc7 22. Rxd7 Qb6 23. Qf7# 1-0

[Event "TORNEIO-IX-E-1-2-R6-J1"]
[Site "http://www.queenalice.com/game.php?id=1181497"]
[Date "2013.5.15"]
[Round "-"]
[White "black13"]
[Black "Shydo"]
[Result "0-1"]
[WhiteElo "1844"]
[BlackElo "1805"]

1. e4 c5 2. Nf3 d6 3. d4 cxd4 4. Nxd4 e5 5. Nf3 Nf6 6. Nc3 Nc6 7. Bb5 Be7 8. Bg5
O-O 9. h3 a6 10. Bd3 b5 11. a3 Rb8 12. b4 Nd4 13. Nxd4 exd4 14. Bxf6 Bxf6 15.
Nd5 Be5 16. O-O Qh4 17. Qf3 Bg4 18. Qxg4 Qd8 19. f4 Bf6 20. Qf5 Be7 21. e5 g6
22. Nxe7+ Qxe7 23. exd6 Qe3+ 24. Kh1 gxf5 25. Bxf5 Kh8 26. Rf3 Qe2 27. Bd3 Qe6
28. Rff1 Qe3 29. Rae1 Qd2 30. Rd1 Qe3 31. Rde1 Qg3 32. Re4 Rbe8 33. Rxd4 Rg8 34.
Rg1 Re1 35. Be4 Rxg1+ 36. Kxg1 f5 37. Bd5 Re8 38. Rd1 Re1+ 39. Rxe1 Qxe1+ 40.
Kh2 Qd2 41. Be6 Qxd6 42. Bxf5 Qxf4+ 0-1

[Event "mesa 25"]
[Site "http://www.queenalice.com/game.php?id=1184772"]
[Date "2013.5.25"]
[Round "-"]
[White "Herbert_Paulo"]
[Black "Shydo"]
[Result "0-1"]
[WhiteElo "1415"]
[BlackElo "1701"]

1. e4 c5 2. Nf3 d6 3. d4 cxd4 4. Nxd4 e6 5. Be2 Nf6 6. Nc3 Be7 7. O-O O-O 8. Bg5
Nc6 9. f4 e5 10. Nxc6 bxc6 11. fxe5 dxe5 12. Qe1 Rb8 13. Rb1 h6 14. Bh4 Nh7 0-1

[Event "TORNEIO-IX-E-1-2-R14-J2"]
[Site "http://www.queenalice.com/game.php?id=1190563"]
[Date "2013.6.13"]
[Round "-"]
[White "Pharaoh"]
[Black "Shydo"]
[Result "0-1"]
[WhiteElo "1745"]
[BlackElo "1883"]

1. e4 c5 2. Nf3 d6 3. c3 e6 4. d4 cxd4 5. cxd4 Nf6 6. Nc3 Be7 7. Qb3 O-O 8. Qc4
b6 9. Be2 Ba6 10. Qa4 Bxe2 11. Nxe2 Nxe4 12. Qc2 d5 13. O-O Nd7 14. Nd2 Ndf6 15.
f3 Nxd2 16. Bxd2 Rc8 17. Bc3 b5 18. a3 a5 19. Qd3 b4 20. axb4 axb4 21. Bd2 Ra8
22. Qb3 Rxa1 23. Rxa1 Qb6 24. Ra4 Rb8 25. Nf4 Qxd4+ 26. Be3 Qc4 27. Qxc4 dxc4
28. Ra7 Bd8 29. Bc5 c3 30. bxc3 bxc3 31. Ra1 c2 32. Kf2 Rb1 33. Ra8 Rd1 34. Be3
Kf8 35. Ne2 Ke8 36. Rc8 Nd5 37. Rxc2 Rf1+ 38. Kxf1 Nxe3+ 39. Kf2 Nxc2 40. Kg3 h5
41. Kf4 f5 42. h3 g5+ 43. Ke5 Ke7 44. g3 Ne3 45. Kd4 Ng2 46. g4 fxg4 47. fxg4 h4
48. Nc3 Kd7 49. Ke5 Be7 50. Ne4 Nf4 51. Nf2 Kc6 52. Ke4 Kd6 53. Ke3 Kd5 54. Kf3
Bc5 55. Ne4 Be7 56. Nf2 Kd4 0-1

[Event "Challenge"]
[Site "http://www.queenalice.com/game.php?id=1192244"]
[Date "2013.6.19"]
[Round "-"]
[White "zmanomega"]
[Black "Shydo"]
[Result "0-1"]
[WhiteElo "1559"]
[BlackElo "1796"]

1. d4 Nf6 2. f3 d5 3. e3 a6 4. Nc3 e6 5. g3 Bb4 6. h4 Nc6 7. g4 Bxc3+ 8. Kf2 Bb4
9. c3 Bd6 10. g5 Nd7 11. f4 f6 12. Bd3 fxg5 13. Qh5+ Ke7 14. fxg5 Qf8+ 15. Nf3
b5 16. b4 Nd8 17. Rh3 Nf7 18. e4 dxe4 19. Bxe4 Nb6 20. Bxh7 Nd5 21. g6 Nf6 22.
Qg5 Nxg5 23. Nxg5 Nxh7+ 24. Nf3 Nf6 25. Ke2 Ne4 26. Bb2 Qf4 27. Bc1 Qg4 28. Rh1
Bg3 0-1

[Event "Challenge"]
[Site "http://www.queenalice.com/game.php?id=1230590"]
[Date "2013.11.7"]
[Round "-"]
[White "filomenos"]
[Black "Shydo"]
[Result "1-0"]
[WhiteElo "2021"]
[BlackElo "1893"]

1. d4 Nf6 2. g3 e6 3. Bg2 d5 4. Nf3 c5 5. c3 Nc6 6. dxc5 Bxc5 7. O-O O-O 8. Bg5
a6 9. Nbd2 b5 10. Nb3 Bb6 11. Nfd2 e5 12. e4 Be6 13. exd5 1-0

[Event "Challenge"]
[Site "http://www.queenalice.com/game.php?id=1230601"]
[Date "2013.11.7"]
[Round "-"]
[White "Shydo"]
[Black "filomenos"]
[Result "0-1"]
[WhiteElo "1882"]
[BlackElo "2032"]

1. e4 g6 2. d4 Bg7 3. e5 d6 4. f4 dxe5 5. fxe5 c6 6. Nf3 f6 7. Bc4 Nd7 8. O-O
fxe5 9. Bg5 exd4 10. Nxd4 Ndf6 11. Nc3 e5 12. Re1 h6 0-1

[Event "IX-E-2-A-R5-J3"]
[Site "http://www.queenalice.com/game.php?id=1242085"]
[Date "2013.12.22"]
[Round "-"]
[White "Sheik3333"]
[Black "Shydo"]
[Result "0-1"]
[WhiteElo "1854"]
[BlackElo "1861"]

1. e4 c5 2. Nf3 d6 3. h3 e6 4. d4 cxd4 5. Nxd4 Nc6 6. Bb5 Bd7 7. c3 Nf6 8. Bg5
Be7 9. Qa4 Rc8 10. Nxc6 bxc6 11. Ba6 c5 12. Qc2 Rc6 13. Bc4 Nxe4 14. Bxe7 Qxe7
15. Qxe4 d5 16. Qe5 f6 17. Qb8+ Rc8 18. Qxa7 dxc4 19. Qa6 O-O 20. Qxc4 Kh8 21.
O-O Bc6 22. Re1 e5 0-1

[Event "SuperCampeão2011-J1	"]
[Site "http://www.queenalice.com/game.php?id=1242506"]
[Date "2013.12.24"]
[Round "-"]
[White "Shydo"]
[Black "Newcobos"]
[Result "0-1"]
[WhiteElo "1891"]
[BlackElo "2199"]

1. e4 e6 2. d4 c5 3. Nf3 cxd4 4. Nxd4 Nf6 5. Nc3 Bb4 6. f3 Nc6 7. Be3 d5 8. Nxc6
bxc6 9. Bd2 O-O 10. Bd3 dxe4 11. fxe4 Bxc3 12. Bxc3 Nxe4 13. O-O Qb6+ 14. Kh1
Nf2+ 15. Rxf2 Qxf2 16. Qh5 g6 17. Qh6 f6 18. Rf1 Qc5 19. Bxg6 Qe7 20. Bd3 Qg7
21. Qh4 e5 22. Bb4 Be6 23. Rf3 Bf7 24. Rg3 Bg6 25. Qc4+ Rf7 26. h4 Qh6 27. Kh2
Rd8 28. Bf5 Rd4 29. Qb3 Rxh4+ 30. Kg1 Qc1+ 31. Kf2 Rf4+ 0-1

[Event "SuperCampeão2011-J2"]
[Site "http://www.queenalice.com/game.php?id=1242507"]
[Date "2013.12.24"]
[Round "-"]
[White "Newcobos"]
[Black "Shydo"]
[Result "1-0"]
[WhiteElo "2202"]
[BlackElo "1872"]

1. e4 c5 2. Nf3 d6 3. d4 cxd4 4. Nxd4 e5 5. Nb3 Nf6 6. Nc3 Be7 7. Be2 Be6 8. Be3
Nc6 9. O-O O-O 10. Nd2 a6 11. f3 Rc8 12. Bc4 Bxc4 13. Nxc4 b5 14. Nb6 Rb8 15.
Nbd5 b4 16. Nxf6+ Bxf6 17. Nd5 a5 18. Qd3 Bg5 19. Rad1 Bxe3+ 20. Nxe3 Nd4 21. c3
bxc3 22. bxc3 Nb5 23. a4 Na7 24. Qxd6 Qg5 25. Ng4 Rbd8 26. Qxe5 Qg6 27. Qxa5
Rxd1 28. Rxd1 Nc8 29. c4 Ne7 30. c5 f5 31. e5 fxg4 32. fxg4 Nc6 33. Qe1 Rd8 34.
Rd6 Rxd6 35. exd6 Qf6 36. Qe8+ 1-0

[Event "IX-E-2-A-R1-J1"]
[Site "http://www.queenalice.com/game.php?id=1257833"]
[Date "2014.2.18"]
[Round "-"]
[White "kalabric"]
[Black "Shydo"]
[Result "1-0"]
[WhiteElo "1896"]
[BlackElo "1876"]

1. e4 Nc6 2. Nf3 e5 3. Nc3 Nf6 4. Bc4 Bb4 5. a3 Bxc3 6. dxc3 O-O 7. Bg5 d6 8.
Bxf6 Qxf6 9. Bd5 Be6 10. Bxc6 bxc6 11. b4 Bc4 12. Nd2 d5 13. Nxc4 dxc4 14. O-O
Rad8 15. Qe2 Qe6 16. Rad1 Rd6 17. h3 Rfd8 18. a4 a6 19. a5 h6 20. Rxd6 Rxd6 21.
Rd1 f6 22. Rxd6 cxd6 23. Qe3 d5 24. f3 Qd6 25. Qb6 dxe4 26. fxe4 Qd1+ 27. Kh2
Qxc2 28. Qxa6 Qxc3 29. Qxc6 Qxb4 30. a6 c3 31. a7 f5 32. a8=Q+ Kh7 33. exf5 Qf4+
34. g3 1-0

[Event "IX-E-2-A-R8-J1"]
[Site "http://www.queenalice.com/game.php?id=1273338"]
[Date "2014.4.15"]
[Round "-"]
[White "Shydo"]
[Black "kalabric"]
[Result "0-1"]
[WhiteElo "1887"]
[BlackElo "1911"]

1. e4 e5 2. Nf3 Nc6 3. Bb5 a6 4. Ba4 Nf6 5. O-O Bc5 6. c3 Nxe4 7. Bxc6 dxc6 8.
Nxe5 Qf6 9. d4 Bd6 10. Nf3 O-O 11. Qd3 Qg6 12. Nbd2 Nxd2 13. Qxg6 fxg6 14. Bxd2
Be6 15. Rae1 Bxa2 16. Re3 Bf4 17. Re7 Bd6 18. Rd7 Be6 0-1